000
00325nam a22001457a 4500
008
210311b ||||| |||| 00| 0 eng d
020
_a
053801220-x
041
_a
eng
080
_2
14th
_a
330.722.6
082
_a
330.722.6
100
_a
61
101
_a
KF
245
_a
Accounting Principles
_c
Fess,P.E
942
_2
udc
_c
BK
999
_c
56341
_d
56341